00238nam a22000857a 4500020001500000100002000015245002000035260004700055300005000102 a 059060810 a Steig, William a Doctor De Soto a [New York] b Scholastic Cassettesc1983. a 1 sound cassette (9 min., 54 min.) : analog.